PHILIPPINES RECOMMENDS FOR BLACK PEPPER PRODOCUTION THE (Record no. 21379)

000 -LEADER
fixed length control field 00309nam a22001217a 4500
003 - CONTROL NUMBER IDENTIFIER
control field LRUA
005 - DATE AND TIME OF LATEST TRANSACTION
control field 20230526220736.0
008 - FIXED-LENGTH DATA ELEMENTS--GENERAL INFORMATION
fixed length control field 230526b xxu||||| |||| 00| 0 eng d
040 ## - CATALOGING SOURCE
Transcribing agency RUA
082 ## - DEWEY DECIMAL CLASSIFICATION NUMBER
Edition number 262 PHI 1990 C077 Or.
245 ## - TITLE STATEMENT
Title PHILIPPINES RECOMMENDS FOR BLACK PEPPER PRODOCUTION THE
942 ## - ADDED ENTRY ELEMENTS (KOHA)
Source of classification or shelving scheme
Koha item type ឯកសារស្រាវជ្រាវ
Holdings
Price effective from Date last seen Permanent Location Not for loan Date acquired Source of classification or shelving scheme Koha item type Barcode Lost status Damaged status Shelving location Withdrawn status Current Location Full call number
2023-05-262023-05-26Library Block C 2023-05-26 ឯកសារស្រាវជ្រាវa071186  C077 Library Block C262 PHI 1990 C077 Or.
មជ្ឈមណ្ឌលឯការនៃសាកលវិទ្យាល័យភូមិន្ទកសិកម្មចំការដូង

Powered by Koha